000 00355nam a2200109Ia 4500
008 171204s9999 xx 000 0 und d
245 _aYearnings of the Soul: Psychological Thought in Modern Kabbalah:
245 _cJonathan Garb
260 _c2015
650 _xDevelopment of Psychological Thought
856 _uhttp://down.ebook777.com/045/022629580X.pdf
999 _c346934
_d346934